000 00644nam a22002177a 4500
005 20251108164718.0
008 250721s1988 xx 000 0 ara d
082 1 4 _a811.90962/ضيف
100 1 _aضيف، شوقي
245 1 0 _aالبارودي :
_bرائد الشعر الحديث /
250 _aط5.
264 1 _aالقاهرة :
_bدار المعارف،
_c1988.
300 _a230ص.
490 0 _aمكتبة الدراسات الأدبية ؛ 37
650 1 7 _aالشعر العربي
650 1 7 _aالتاريخ الأدبي
650 1 7 _aالنقد الأدبي
650 1 7 _aمصر
942 _2ddc
_cBK
999 _c12472
_d12472